EDUCATION FOR ALL 2000-2015 ACHIVEMENTS AND CHALLENGGES (Record no. 19987)

MARC details
000 -LEADER
fixed length control field 00267nam a22001217a 4500
003 - CONTROL NUMBER IDENTIFIER
control field SGT
082 ## - DEWEY DECIMAL CLASSIFICATION NUMBER
Item number UNE
100 ## - MAIN ENTRY--PERSONAL NAME
Personal name UNESCO
245 ## - TITLE STATEMENT
Title EDUCATION FOR ALL 2000-2015 ACHIVEMENTS AND CHALLENGGES
260 ## - PUBLICATION, DISTRIBUTION, ETC. (IMPRINT)
Place of publication, distribution, etc USA
Name of publisher, distributor, etc UNESCO
Year of Publication 2015
300 ## - PAGE DESCRIPTION
No. of Pages 499
942 ## - ADDED ENTRY ELEMENTS (KOHA)
Source of classification or shelving scheme Dewey Decimal Classification
Koha item type Books
Holdings
Withdrawn status Lost status Source of classification or shelving scheme Damaged status Not for loan Collection code Home library Current library Date acquired SGTU Full call number Accession No. (Barcode) Date last seen Bill Date Koha item type
    Dewey Decimal Classification     EDUCATION SGT Engineering Library SGT Engineering Library 06/05/2020 SGTU UNE ED4738 06/05/2020 06/05/2020 Books
    Dewey Decimal Classification     EDUCATION SGT Engineering Library SGT Engineering Library 06/05/2020 SGTU UNE ED4739 06/05/2020 06/05/2020 Books